| 000 | 00749nam a2200205Ia 4500 | ||
|---|---|---|---|
| 003 | OSt | ||
| 005 | 20250830092441.0 | ||
| 008 | 210210b1996 xxu||||| |||| 00| 0 eng d | ||
| 040 | _cAL | ||
| 041 | _aKannada | ||
| 082 | _aK894.8 DURM | ||
| 100 |
_aDURGADAS (K R) mattu ANANDAMURTHY (G V). _9217301 _dದುರ್ಗಾದಾಸ್ (ಕೆ ಅರ್) ಮತ್ತು ಆನಂದಮೂರ್ತಿ (ಜಿ ವಿ) |
||
| 245 |
_aMuru dalitha kammatagalu _bಮೂರೂ ದಲಿತ ಕಮ್ಮಟಗಳು |
||
| 260 |
_aBengaluru. _bKannada mattu Samskrathi Nirdeshanalaya, Karnataka Sahitya Akademi., _c1996 |
||
| 300 | _av,136 | ||
| 650 |
_aDalitha _9217302 |
||
| 690 |
_aKannada Miscellaneous _9217303 |
||
| 906 | _a057748 | ||
| 942 |
_2ddc _cBK |
||
| 999 |
_c105220 _d105220 |
||